<?xml version="1.0" encoding="UTF-8"?>
<collection xmlns="http://www.loc.gov/MARC21/slim">
 <record>
  <leader>01579aam a22002298a 4500</leader>
  <controlfield tag="001">NCT_4636</controlfield>
  <controlfield tag="008">170410s2016                  ||||||viesd</controlfield>
  <datafield tag="999" ind1=" " ind2=" ">
   <subfield code="c">233</subfield>
   <subfield code="d">233</subfield>
  </datafield>
  <datafield tag="020" ind1=" " ind2=" ">
   <subfield code="a">9786046707899</subfield>
   <subfield code="c">55000</subfield>
  </datafield>
  <datafield tag="082" ind1="0" ind2="4">
   <subfield code="2">23rd ed.</subfield>
   <subfield code="a">621.56</subfield>
   <subfield code="b">S105</subfield>
  </datafield>
  <datafield tag="100" ind1="1" ind2=" ">
   <subfield code="a">Trần Thế San</subfield>
  </datafield>
  <datafield tag="245" ind1="1" ind2="0">
   <subfield code="a">Hướng dẫn thực hành kỹ nghệ lạnh</subfield>
   <subfield code="c">Trần Thế San, Nguyễn Đức Phấn</subfield>
  </datafield>
  <datafield tag="250" ind1=" " ind2=" ">
   <subfield code="a">In lần thứ 2</subfield>
  </datafield>
  <datafield tag="260" ind1=" " ind2=" ">
   <subfield code="a">H.</subfield>
   <subfield code="b">Khoa học và Kỹ thuật</subfield>
   <subfield code="c">2016</subfield>
  </datafield>
  <datafield tag="300" ind1=" " ind2=" ">
   <subfield code="a">246tr.</subfield>
   <subfield code="b">minh hoạ</subfield>
   <subfield code="c">24cm</subfield>
  </datafield>
  <datafield tag="520" ind1="3" ind2=" ">
   <subfield code="a">Nội dung tài liệu trình bày các vấn đề về điện cơ bản trong làm lạnh, đồng hồ đo kiểm, máy nén, tụ điện và cầu chì, relay và contactor, máy biến áp, bộ ngắt mạch, bộ khởi động của động cơ, các điều khiển an toàn, phần hoá hơi, bộ điều nhiệt, các bộ phận tuỳ nhiệt trong phần ngưng tụ...</subfield>
  </datafield>
  <datafield tag="700" ind1="1" ind2=" ">
   <subfield code="a">Nguyễn Đức Phấn</subfield>
  </datafield>
  <datafield tag="942" ind1=" " ind2=" ">
   <subfield code="2">ddc</subfield>
   <subfield code="c">BK</subfield>
  </datafield>
  <datafield tag="952" ind1=" " ind2=" ">
   <subfield code="0">0</subfield>
   <subfield code="1">0</subfield>
   <subfield code="2">ddc</subfield>
   <subfield code="4">0</subfield>
   <subfield code="6">621_560000000000000_S105</subfield>
   <subfield code="7">0</subfield>
   <subfield code="9">1523</subfield>
   <subfield code="a">000001</subfield>
   <subfield code="b">000001</subfield>
   <subfield code="d">2017-10-17</subfield>
   <subfield code="o">621.56 S105</subfield>
   <subfield code="p">MD.01359</subfield>
   <subfield code="r">2017-10-17</subfield>
   <subfield code="v">55000.00</subfield>
   <subfield code="w">2017-10-17</subfield>
   <subfield code="y">BK</subfield>
  </datafield>
  <datafield tag="952" ind1=" " ind2=" ">
   <subfield code="0">0</subfield>
   <subfield code="1">0</subfield>
   <subfield code="2">ddc</subfield>
   <subfield code="4">0</subfield>
   <subfield code="6">621_560000000000000_S105</subfield>
   <subfield code="7">0</subfield>
   <subfield code="9">1524</subfield>
   <subfield code="a">000001</subfield>
   <subfield code="b">000001</subfield>
   <subfield code="d">2017-10-17</subfield>
   <subfield code="o">621.56 S105</subfield>
   <subfield code="p">MD.01360</subfield>
   <subfield code="r">2017-10-17</subfield>
   <subfield code="v">55000.00</subfield>
   <subfield code="w">2017-10-17</subfield>
   <subfield code="y">BK</subfield>
  </datafield>
  <datafield tag="952" ind1=" " ind2=" ">
   <subfield code="0">0</subfield>
   <subfield code="1">0</subfield>
   <subfield code="2">ddc</subfield>
   <subfield code="4">0</subfield>
   <subfield code="6">621_560000000000000_S105</subfield>
   <subfield code="7">0</subfield>
   <subfield code="9">1525</subfield>
   <subfield code="a">000001</subfield>
   <subfield code="b">000001</subfield>
   <subfield code="d">2017-10-17</subfield>
   <subfield code="o">621.56 S105</subfield>
   <subfield code="p">MD.01361</subfield>
   <subfield code="r">2017-10-17</subfield>
   <subfield code="v">55000.00</subfield>
   <subfield code="w">2017-10-17</subfield>
   <subfield code="y">BK</subfield>
  </datafield>
  <datafield tag="980" ind1=" " ind2=" ">
   <subfield code="a">Thư viện Trường Đại học Nam Cần Thơ</subfield>
  </datafield>
 </record>
</collection>
